[Event "Pan American-ch U10 Girls"]
[Site "Guayaquil"]
[Date "2019.07.27"]
[Round "9"]
[White "Romero Velasquez, Jimena"]
[Black "Oconnor, Zaina"]
[Result "1/2-1/2"]
[WhiteElo "1023"]
[BlackElo "1180"]
[PlyCount "84"]
[EventDate "2019.07.21"]
[EventType "swiss"]
[EventRounds "9"]
[EventCountry "ECU"]
[SourceTitle "EXT 2020"]
[Source "ChessBase"]
[SourceDate "2019.10.17"]
[SourceVersion "1"]
[SourceVersionDate "2019.10.17"]
[SourceQuality "1"]

1. e4 e5 2. Nf3 Nc6 3. d4 d6 4. d5 Nce7 5. c4 Nf6 6. Nc3 Ng6 7. Be3 Bg4 8. Be2 Be7 9. 0-0 0-0 10. h3 Bd7 11. Qd2 c6 12. Rac1 c5 13. Rfd1 Qc8 14. Bg5 h6 15. Be3 Re8 16. a3 b6 17. b4 Rb8 18. b5 Qd8 19. a4 Nh7 20. Ne1 Bg5 21. Nf3 Bxe3 22. Qxe3 Ng5 23. Nxg5 Qxg5 24. Qxg5 hxg5 25. Bf3 Rf8 26. Kh2 f5 27. Rf1 g4 28. exf5 gxf3 29. fxg6 Be8 30. Rg1 Bxg6 31. gxf3 Bh7 32. Rg3 Rf7 33. Rcg1 Rbf8 34. Nd1 Bd3 35. Ne3 Kh8 36. Kh1 Rg8 37. Ng4 Rff8 38. Nh2 Bxc4 39. Rd1 Be2 40. Rdg1 Bc4 41. Rd1 Be2 42. Rdg1 Bc4 1/2-1/2

[Event "Pan American-ch U10 Girls"]
[Site "Guayaquil"]
[Date "2019.07.22"]
[Round "2"]
[White "Sanchez Cruz, Mireya Jassly"]
[Black "Romero Velasquez, Jimena"]
[Result "1-0"]
[WhiteElo "1247"]
[BlackElo "1023"]
[PlyCount "121"]
[EventDate "2019.07.21"]
[EventType "swiss"]
[EventRounds "9"]
[EventCountry "ECU"]
[SourceTitle "EXT 2020"]
[Source "ChessBase"]
[SourceDate "2019.10.17"]
[SourceVersion "1"]
[SourceVersionDate "2019.10.17"]
[SourceQuality "1"]

1. e4 c5 2. Nf3 e6 3. d4 cxd4 4. Nxd4 a6 5. Nc3 Qc7 6. f4 d6 7. Qf3 Nf6 8. Bd3 Be7 9. h3 0-0 10. g4 Nc6 11. Nxc6 bxc6 12. f5 Bb7 13. Rg1 Qb6 14. Rg2 d5 15. g5 Nd7 16. f6 Ne5 17. Qf1 Bb4 18. a3 Bxc3+ 19. bxc3 g6 20. Qf4 Nxd3+ 21. cxd3 Rfd8 22. Qh4 Qc5 23. Qh6 Qf8 24. Qh4 Rac8 25. Qg3 c5 26. Qg4 dxe4 27. dxe4 Rd3 28. Bd2 Rcd8 29. h4 Qd6 30. Ra2 Bc8 31. h5 e5 32. Qe2 Be6 33. Rb2 Bc4 34. Qg4 Be6 35. Qe2 Bc4 36. Qg4 Be6 37. Qe2 Bc4 38. hxg6 Rxd2 39. gxh7+ Kh8 40. Qxd2 Qc7 41. Qf2 Qa5 42. Rg3 Qxa3 43. Rb1 Bd3 44. Rd1 Qxc3+ 45. Qd2 Qd4 46. Qe3 Qc3+ 47. Qd2 Qd4 48. Qe3 Qc3+ 49. Rd2 Qc1+ 50. Rd1 Qc3+ 51. Kf2 Qc2+ 52. Qd2 Qc4 53. Rxd3 Rxd3 54. Qxd3 Qa2+ 55. Rd2 Qa5 56. Qd8+ Qxd8 57. Rxd8+ Kxh7 58. Rc8 Kg6 59. Rxc5 Kxg5 60. Rxe5+ Kxf6 61. Ra5 1-0

[Event "Wch U08 Girls"]
[Site "Pocos de Caldas"]
[Date "2017.08.28"]
[Round "8"]
[White "Rossel Grandon, Maria Ignacia"]
[Black "Romero Velasquez, Jimena"]
[Result "0-1"]
[WhiteElo "1337"]
[BlackElo "1287"]
[PlyCount "33"]
[EventDate "2017.08.22"]
[EventType "swiss"]
[EventRounds "11"]
[EventCountry "BRA"]
[SourceTitle "CBM 180 Extra"]
[Source "ChessBase"]
[SourceDate "2017.10.06"]
[SourceVersion "1"]
[SourceVersionDate "2017.10.06"]
[SourceQuality "1"]

1. e4 c5 2. Nf3 d6 3. d4 cxd4 4. Nxd4 Nf6 5. Nc3 a6 6. Bc4 e6 7. 0-0 b5 8. a3 bxc4 9. Nf3 Nbd7 10. Bg5 h6 11. Bxf6 Nxf6 12. e5 Nd7 13. exd6 Nf6 14. Ne5 Bxd6 15. Nc6 Qc7 16. Qf3 Bxh2+ 17. Kh1 0-1

[Event "Wch U08 Girls"]
[Site "Pocos de Caldas"]
[Date "2017.08.23"]
[Round "3"]
[White "Quispe Mamani, Briseyda Belen"]
[Black "Romero Velasquez, Jimena"]
[Result "0-1"]
[WhiteElo "1197"]
[BlackElo "1287"]
[PlyCount "118"]
[EventDate "2017.08.22"]
[EventType "swiss"]
[EventRounds "11"]
[EventCountry "BRA"]
[SourceTitle "CBM 180 Extra"]
[Source "ChessBase"]
[SourceDate "2017.10.06"]
[SourceVersion "1"]
[SourceVersionDate "2017.10.06"]
[SourceQuality "1"]

1. e4 c5 2. Nf3 d6 3. Nc3 Nf6 4. Bc4 e6 5. 0-0 a6 6. d3 b5 7. Bb3 Bb7 8. Bg5 Be7 9. a3 Nc6 10. Be3 0-0 11. Re1 Rc8 12. h3 Qd7 13. Qd2 d5 14. Bg5 h6 15. Bxf6 Bxf6 16. e5 Be7 17. Re2 d4 18. Ne4 Qc7 19. c3 Nxe5 20. Nxe5 Qxe5 21. Ng3 dxc3 22. bxc3 Qf6 23. Nh5 Qg6 24. Nf4 Qg5 25. a4 Bf3 26. h4 Qg4 27. Re5 Bd6 28. d4 Bxe5 29. dxe5 g5 30. hxg5 hxg5 31. g3 gxf4 32. Qxf4 Qxf4 33. gxf4 c4 34. Bc2 Rfd8 35. Kh2 Rd2 36. Rg1+ Kf8 37. Bh7 Ke7 38. axb5 axb5 39. Rf1 Rh8 40. Kg3 Be2 41. Rh1 Rd3+ 42. Bxd3 Rxh1 43. Bxe2 Rc1 44. Kg4 Rxc3 45. f5 exf5+ 46. Kxf5 Rc2 47. Bd1 Rxf2+ 48. Ke4 Rd2 49. Bg4 c3 50. Ke3 Rh2 51. Kf3 c2 52. Kg3 Rd2 53. Kf3 c1Q 54. Kg3 Qc3+ 55. Kh4 Rh2+ 56. Kg5 Qxe5+ 57. Bf5 Rg2+ 58. Kh6 Qf6+ 59. Kh5 Qg5# 0-1